000 00548nam a22001337a 4500
040 _cRUA
082 _aFOR TIM 2012 B140 Or.1
100 _aTIM, VEASNA.
245 _aStudy on presence of bird species in tamo mountain area, សិក្សាពីវត្តមានប្រភេទសត្វស្លាបនៅតំបន់ភ្នំតាម៉ៅ
260 _aPhnom Penh
_bRUA
_c2012
300 _aix; 61p.
_bill.
_c29cm.
856 _uhttps://drive.google.com/file/d/1ltBS3s6Kf8WY0T8LBQuBImMAqRCs5Ouu/view?usp=sharing
942 _cFOR
999 _c3413
_d3413